000 01351nam0a22002531 4500
001 rc\4868955
005 20260407131108.0
021 _aRU
_b[61-81717]
035 _a(NLR Aleph) 008909510
090 _a8754535
_c8754535
100 _a20130426d1961 |||y0rusy50 ca
101 0 _arus
102 _aRU
105 _ay z |||||
200 1 _aРешение 7-го (Байкальского) научного координационного совещания по изучению берегов водохранилищ. [31 мая - 7 июня 1961 г.]
_fБереговая секция океаногр. комис. при Президиуме АН СССР. Вост.-Сиб. геол. и лимнолог. ин-ты Сиб. отд-ния АН СССР. Геол. фак. Моск. гос. ун-та им. М.В. Ломоносова. Ин-т "Гидроэнергопроект" МСЭС СССР
210 _aИркутск
_cБ. и.
_d1961
215 _a21 с.
_d20
606 _aБерега водохранилищ
_2psbo
710 1 2 _aНаучное координационное совещание по изучению берегов водохранилищ
_d7
_eИркутск
_f1961
_9656421
_3RU\NLR\AUTH\8810077115
801 0 _aRU
_bNLR
_gpsbo
801 1 _aRU
_bELAR
_2rusmarc
852 _aNLR
_j61-4/17468
942 _cBOOK
980 _aNB